Libero chi legge /

Uloženo v:
Podrobná bibliografie
Hlavní autor: Pivano, Fernanda (Autor)
Médium: Kniha
Jazyk:italština
Vydáno: Milano : Mondadori, 2010
Edice:Ingrandimenti
Témata:
Tagy: Přidat tag
Žádné tagy, Buďte první, kdo vytvoří štítek k tomuto záznamu!

MARC

LEADER 00000nam a22000007i 4500
001 IT\ICCU\RAV\2033896
003 ItRI
005 20250902113120.0
008 151123s2010 it |||||| ||||| |||||c
015 |2 IT  |a 2010-6920 
020 |a 9788804601241 
040 |b ita  |c ct 
041 7 |a ita  |2 ISO-639-2 
082 |a 808  |2 20 
100 1 |a Pivano, Fernanda  |0 IT\ICCU\CFIV\037838  |4 aut 
240 1 0 |a Libero chi legge  |9 Pivano, Fernanda 
245 1 0 |a Libero chi legge /  |c Fernanda Pivano. 
260 |a Milano :  |b Mondadori,  |c 2010 
300 |a 326 p. ;  |c 23 cm. 
650 7 |a Narrativa americana  |x Temi [:] Libertà  |x Sec. 19.-20.  |2 nsbncf 
830 0 |a Ingrandimenti  |0 IT\ICCU\CFI\0003306 
942 |2 ddc  |c BK 
952 |0 0  |1 0  |2 ddc  |4 0  |6 808_000000000000000_PIV_LIB  |7 1  |9 327  |a GE  |b GE  |d 2023-11-02  |l 0  |o 808 PIV LIB  |p 3591  |r 2023-11-23 12:29:05  |w 2023-11-23  |y BK 
981 1 |6 z01  |a i   |b xxxe  
982 1 |6 z01  |a n 
999 |c 236  |d 236